000 00791 a2200169 4500
003 NUST
005 20221205124827.0
040 _cNust
082 _a027,PAK
100 _aMalik, Sain Muhammad
_9104133
245 _aPakistan Librarinship /
_cSain Muhammad Malik
260 _aPeshawar
_bPakistan Library Association
_c1982
300 _aix,240 p .:
505 _aPresidents and secretary generals (Page-1), Role of university library (Page-39), University library standards for Pakistan (Page-65), Role of college library (Page-82), Role of public library (Page-107), Role of national library (Page-119), Library services to disabled persons (Page-136), Code of professional ethics for librarians in Pakistan (Page-143).
650 _aLibrarinship
_9104134
942 _2ddc
_cBK
_k027,PAK
999 _c195253
_d195253